LEADER 01348nam0-2200349---450- 001 990008506060403321 005 20161012150318.0 035 $a000850606 035 $aFED01000850606 035 $a(Aleph)000850606FED01 035 $a000850606 100 $a20070504d1983----km-y0itay50------ba 101 0 $aita 102 $aIT 105 $aa-------001yy 200 1 $aProgetto finalizzato al restauro, recupero e valorizzazione dei beni culturali$eda finanziarsi attraverso il fondo per gli investimenti e l'occupazione art. 21 Legge 26-4-83 n. 130$eRoma 1983$fMinistero per i beni culturali e ambientali, Consiglio nazionale, Segreteria tecnica per la programmazione 210 $aRoma$cEdizioni Kappa$d1983 215 $a400 p.$cill.$d30 cm 610 0 $aMinistero per i beni culturali e ambientali$aProgetti finalizzati 610 0 $aPatrimonio culturale$aTutela$aProgetti 710 01$aItalia.$bMinistero per i beni culturali e ambientali$039373 801 0$aIT$bUNINA$gRICA$2UNIMARC 901 $aBK 912 $a990008506060403321 952 $a16.179$b7992$fDARST 952 $aINU C 77$b383$fFARBC 952 $aINU C 86$b477$fFARBC 952 $aINU C 87$b478$fFARBC 959 $aDARST 959 $aFARBC 996 $aProgetto finalizzato al restauro, recupero e valorizzazione dei beni culturali$9732147 997 $aUNINA